000 00200nam a22000857a 4500
008 161102b xxu||||| |||| 00| 0 eng d
050 _a500
100 _adharen m. doshi
_91016
245 _amastering science 6
999 _c3676
_d3676